Využívanie fondov Európskej únie samosprávou na Slovensku
Výsledky dotazníkového prieskumu, ktorý realizovala v roku 2006 katedra ekonómie Podnikovohospodárskej fakulty EU v Bratislave. Otázky v dotazníku sa týkali oblastí: predvstupových fondov, štrukturálnych fondov a iných zdrojov ako aj problémov samospráv a ich riešenia získavaním finančných zdrojov....
Gespeichert in:
| 1. Verfasser: | |
|---|---|
| Format: | Buchkapitel |
| Sprache: | Slowakisch |
| Schlagworte: | |
| Tags: |
Keine Tags, Fügen Sie das erste Tag hinzu!
|
MARC
| LEADER | 00000naa$a2200000$$$4500 | ||
|---|---|---|---|
| 001 | 0082542 | ||
| 005 | 20240502071927.9 | ||
| 041 | 0 | |a slo | |
| 044 | |a SK | ||
| 245 | 1 | 0 | |a Využívanie fondov Európskej únie samosprávou na Slovensku |c Michal Stričík |
| 520 | |a Výsledky dotazníkového prieskumu, ktorý realizovala v roku 2006 katedra ekonómie Podnikovohospodárskej fakulty EU v Bratislave. Otázky v dotazníku sa týkali oblastí: predvstupových fondov, štrukturálnych fondov a iných zdrojov ako aj problémov samospráv a ich riešenia získavaním finančných zdrojov. Analýza dosiahnutých výsledkov. | ||
| 610 | 2 | 0 | |a fondy štruktúrne |
| 610 | 2 | 0 | |a zdroje finančné |
| 610 | 2 | 0 | |a samospráva |
| 610 | 2 | 0 | |a Slovensko |
| 610 | 2 | 0 | |a Európska únia |
| 610 | 2 | 0 | |a výskum |
| 100 | 1 | |a Stričík, Michal, 1969- | |